000 00983cam a2200229 4500
008 020527n2006 000 0 eng u
020 _a1904829473
035 _a(Sirsi) u137499
041 _aeng.
050 _a690.24
110 _aBuilding Maintenance Information
_93229
245 _aOccupancy costs of industrial buildings
260 _aLondon
_bBuilding Maintenance Information
_c2006
300 _a72p.
_c30cm.
490 _aBMI Special Report
_v355
520 _aProvides current occupancy benchmarks for two industrial buildings. Shows the projected annual occupancy costs for the two schemes which should provide a strategic benchmark for similar buildings. Data is backed up with projected annual expenditure charts and detailed estimates for individual elements and components.
650 _aOCCUPANCY COSTS
650 _aINDUSTRIAL PROPERTY
651 4 _aEngland and Wales
_y1543-
690 _aBUILDING AND CONSTRUCTION-REPAIRS AND MAINTENANCE
942 _n0
999 _c106801
_d106801